| 000 | 00562nam a22002051a 4500 | ||
|---|---|---|---|
| 001 | 802 | ||
| 003 | OSt | ||
| 005 | 20260204211709.0 | ||
| 008 | 040114s2001||||cl ||||||b||||||||||spa|| | ||
| 020 | _a9662781321 | ||
| 050 | _a379 L556g | ||
| 082 | _a379 L556g | ||
| 100 | _aLepeley, Maria Teresa | ||
| 245 | _aGestión y calidad en educación: un modelo de evaluación / Maria Teresa Lepeley | ||
| 264 | _aChile : McGraw-Hill | ||
| 300 | _a118 p. | ||
| 500 | _aIncluye indice | ||
| 650 | _a1.Educación-Gestión 2.Educación GubernamentalÌ | ||
| 942 |
_2ddc _cBK |
||
| 999 |
_c802 _d802 |
||